| 000 | 01307cam a2200337 4500 | ||
|---|---|---|---|
| 001 | ABS66359 | ||
| 008 | 030203n2003 000 0 eng u | ||
| 035 | _a(Sirsi) u121218 | ||
| 100 | _aElkins, J. | ||
| 245 | _aHow to prepare for your landlord's crisis | ||
| 260 | _c2003 | ||
| 490 |
_aEstates Gazette _v(0301) 4 January 2003, 60-61 (2) |
||
| 520 | _aAdvises what legal steps tenants or subtenants can take to protect themselves if their landlord is in financial difficulties or is heading for insolvency. It covers landlord insolvency, security of rent deposits, the legal position of a subtenant if the intermediate landlord becomes insolvent, and the termination of headleases. | ||
| 590 | _aABS | ||
| 650 | _aLANDLORDS | ||
| 650 | _aTENANTS | ||
| 650 | _aCOMMERCIAL LEASES | ||
| 650 | _aSUBTENANTS | ||
| 650 |
_aInsolvency _96247 |
||
| 650 | _aSURRENDER | ||
| 650 | _aFORFEITURE | ||
| 650 | _aDISCLAIMER | ||
| 650 | _aLANDLORD AND TENANT ACT 1954 S67 | ||
| 650 | _aSUPREME COURT ACT 1981 S37(1) | ||
| 650 | _aLANDLORD AND TENANT ACT 1987 S24 | ||
| 650 | _aLAW OF PROPERTY ACT 1925 S146(4) | ||
| 650 | _aCONNAUGHT RESTAURANTS LTD V INDOOR LEISURE LTD | ||
| 650 | _aHINDCASTLE V BARBARA ATTENBOROUGH ASSOCIATES LTD | ||
| 690 | _aPROPERTY-LANDLORD AND TENANT | ||
| 942 | _n0 | ||
| 999 |
_c72037 _d72037 |
||